La Kermesse / (Record no. 143471)

MARC details
000 -LEADER
campo de control de longitud fija 00496nam a2200169 4500
001 - NÚMERO DE CONTROL
campo de control 143471
003 - IDENTIFICADOR DE NÚMERO DE CONTROL
campo de control ES-MaACL
005 - FECHA Y HORA DE LA ÚLTIMA TRANSACCIÓN
campo de control 20230906200827.0
007 - CAMPO FIJO DE DESCRIPCIÓN FÍSICA--INFORMACIÓN GENERAL
campo de control de longitud fija t|
008 - DATOS DE LONGITUD FIJA--INFORMACIÓN GENERAL
campo de control de longitud fija 070214s1968 sp r ||||1| spa d
100 1# - ENTRADA PRINCIPAL--NOMBRE DE PERSONA
Nombre de persona Serre, Henri.
9 (RLIN) 105830
245 13 - MENCIÓN DEL TÍTULO
Título La Kermesse /
Mención de responsabilidad, etc. Henri Serre ; traducción de A. Lupo Canaleta.
260 ## - PUBLICACIÓN, DISTRIBUCIÓN, ETC.
Lugar de publicación, distribución, etc. Barcelona :
Nombre del editor, distribuidor, etc. Vitamala,
Fecha de publicación, distribución, etc. 1968 (
Fabricante Socitra)
300 ## - DESCRIPCIÓN FÍSICA
Extensión 95 p. :
Otras características físicas il. ;
Dimensiones 19 cm.
700 1# - ENTRADA AGREGADA--NOMBRE PERSONAL
Nombre de persona Lupo Canaleta, A.
9 (RLIN) 74804
852 ## - LOCALIZACIÓN
Ubicación ES-MaACL
Número de control de estantería C-51444
Sublocalización o colección R.66466
Holdings
Estatus retirado Estado de pérdida Estado de daño No para préstamo Biblioteca de origen Biblioteca actual Ubicación en estantería Fecha de adquisición Fuente de adquisición Total de préstamos Signatura topográfica completa Código de barras Visto por última vez Precio de reemplazo Tipo de ítem Koha
        Biblioteca del Ateneo de Madrid Biblioteca del Ateneo de Madrid Depósito 2 17/01/2008     C-51444 1149272 23/02/2023 23/02/2023 Libro impreso